[Event "22. Copenhagen Open  (Politiken Cup)"]
[Site "Copenhagen"]
[Date "2000.07.25"]
[Round "8"]
[White "Jensen, Dan Bronnum"]
[Black "Trarup, Jorgen"]
[Result "0-1"]
[WhiteElo "1438"]
[BlackElo "1309"]
[PlyCount "130"]
[EventDate "2000.07.17"]
[EventType "swiss"]
[EventRounds "11"]
[EventCountry "DEN"]
[SourceDate "2004.01.01"]

1. c4 e5 2. Nc3 Nc6 3. g3 Nf6 4. Bg2 Bc5 5. Nf3 O-O 6. d3 h6 7. O-O Re8 8. a3
a5 9. Bd2 Rb8 10. Ne1 Re7 11. Nd5 Re6 12. e3 b6 13. Qf3 Nxd5 14. cxd5 Rf6 15.
Qe4 Ne7 16. Qxe5 Bb7 17. Qh5 Bxd5 18. Bxd5 Rf5 19. Bxf7+ Rxf7 20. d4 Bd6 21. e4
c6 22. Qg4 Kh7 23. Nd3 Ng6 24. h4 Qe8 25. h5 Nh8 26. Rae1 Qe6 27. Qxe6 dxe6 28.
e5 Bc7 29. Nf4 Re8 30. Rc1 c5 31. Bc3 g5 32. Ne2 Rd7 33. dxc5 bxc5 34. Rcd1
Red8 35. Rxd7+ Rxd7 36. f4 Nf7 37. f5 Re7 38. fxe6 Nxe5 39. Rf6 Bd6 40. Bxe5
Bxe5 41. Rf7+ Rxf7 42. exf7 Kg7 43. b3 Kxf7 44. g4 Ke6 45. Kf2 Kd5 46. Ke3 Bb2
47. a4 Be5 48. Kd3 Kd6 49. Kc4 Kc6 50. Nc1 Bg7 51. Nd3 Bd4 52. Ne1 Bg7 53. Ng2
Bd4 54. Kd3 Kd5 55. Ne3+ Bxe3 56. Kxe3 c4 57. Kd2 cxb3 58. Kc3 b2 59. Kxb2 Kc4
60. Ka3 Kc3 61. Ka2 Kb4 62. Kb2 Kxa4 63. Ka2 Kb4 64. Kb2 Kc4 65. Ka3 Kd4 0-1

[Event "22. Copenhagen Open  (Politiken Cup)"]
[Site "Copenhagen"]
[Date "2000.07.25"]
[Round "8"]
[White "Jensen, Michael Bremerskov"]
[Black "Nielsen, Dagh"]
[Result "0-1"]
[WhiteElo "1358"]
[BlackElo "1576"]
[PlyCount "44"]
[EventDate "2000.07.17"]
[EventType "swiss"]
[EventRounds "11"]
[EventCountry "DEN"]
[SourceDate "2004.01.01"]

1. d4 Nf6 2. c4 g6 3. Nc3 d5 4. Nf3 Bg7 5. e3 O-O 6. Be2 c5 7. cxd5 cxd4 8.
Nxd4 Nxd5 9. O-O Nc6 10. Bf3 Ndb4 11. Nxc6 Nxc6 12. Qc2 Qa5 13. Nd5 Be6 14. Bd2
Qd8 15. Nf4 Bf5 16. Qd1 Bxb2 17. Rc1 Bxc1 18. Qxc1 e5 19. Bxc6 Rc8 20. Qb2 Rxc6
21. Qxb7 Rc7 22. Qb2 exf4 0-1

[Event "22. Copenhagen Open  (Politiken Cup)"]
[Site "Copenhagen"]
[Date "2000.07.25"]
[Round "8"]
[White "Jorgensen, Brian"]
[Black "Hansen, Herluf"]
[Result "1-0"]
[WhiteElo "2227"]
[BlackElo "2047"]
[PlyCount "55"]
[EventDate "2000.07.17"]
[EventType "swiss"]
[EventRounds "11"]
[EventCountry "DEN"]
[SourceDate "2004.01.01"]

1. d4 Nf6 2. c4 e6 3. Nc3 Bb4 4. Qc2 O-O 5. a3 Bxc3+ 6. Qxc3 Ne4 7. Qc2 f5 8.
g3 d6 9. Bg2 Nf6 10. b4 e5 11. dxe5 dxe5 12. Bb2 Qe7 13. Qc3 Re8 14. Nf3 Nbd7
15. O-O c5 16. Rfd1 e4 17. Ng5 Nb6 18. Qc2 Bd7 19. a4 h6 20. Nh3 Be6 21. bxc5
Nxc4 22. Bd4 Bf7 23. Nf4 Rac8 24. Bh3 g6 25. Nxg6 Bxg6 26. Qxc4+ Bf7 27. Qc1
Be6 28. Qxh6 1-0

[Event "22. Copenhagen Open  (Politiken Cup)"]
[Site "Copenhagen"]
[Date "2000.07.25"]
[Round "8"]
[White "Jorgensen, Morten S"]
[Black "Pedersen, Kaj Vinding"]
[Result "0-1"]
[WhiteElo "1223"]
[BlackElo "1619"]
[PlyCount "98"]
[EventDate "2000.07.17"]
[EventType "swiss"]
[EventRounds "11"]
[EventCountry "DEN"]
[SourceDate "2004.01.01"]

1. e4 Nf6 2. Nc3 d5 3. exd5 Nxd5 4. Nxd5 Qxd5 5. d4 e5 6. Be3 e4 7. Qd2 Nc6 8.
c3 Be7 9. Ne2 Bf5 10. Nf4 Qd6 11. Be2 h6 12. Nh5 Bf8 13. Ng3 Bh7 14. Bb5 O-O-O
15. Bf4 Qd5 16. Bxc6 Qxc6 17. Be3 g5 18. O-O f5 19. f4 exf3 20. Rxf3 f4 21.
Bxf4 gxf4 22. Qxf4 Bd6 23. Qxh6 Bxg3 24. Qxc6 Bxh2+ 25. Kxh2 Be4+ 26. Rh3 Rxh3+
27. gxh3 Bxc6 28. Rf1 Rg8 29. Rf2 Bd5 30. a3 Kd7 31. b4 Ke7 32. Re2+ Kf6 33.
Rf2+ Kg6 34. Kg3 Kh5+ 35. Kf4 Rf8+ 36. Ke3 Rxf2 37. Kxf2 Kh4 38. Ke3 Kxh3 39.
Kf4 b5 40. Ke5 c6 41. Kf4 Kg2 42. Ke3 Kf1 43. Kd2 Kf2 44. Kc2 Ke2 45. Kb2 Kd2
46. a4 bxa4 47. Ka3 Kxc3 48. Kxa4 Kxd4 49. Ka5 Bc4 0-1

[Event "22. Copenhagen Open  (Politiken Cup)"]
[Site "Copenhagen"]
[Date "2000.07.25"]
[Round "8"]
[White "Jorgensen, Orla Eilegaard"]
[Black "Schonberg, Pauli"]
[Result "1/2-1/2"]
[WhiteElo "1297"]
[BlackElo "1504"]
[PlyCount "78"]
[EventDate "2000.07.17"]
[EventType "swiss"]
[EventRounds "11"]
[EventCountry "DEN"]
[SourceDate "2004.01.01"]

1. e4 b6 2. d4 e6 3. c4 Bb7 4. Nc3 Bb4 5. d5 exd5 6. cxd5 Nf6 7. Bd3 Qe7 8. Qe2
a5 9. a3 Bxc3+ 10. bxc3 Na6 11. Nf3 Nc5 12. Bg5 Nxd3+ 13. Qxd3 Qxe4+ 14. Qxe4+
Nxe4 15. c4 O-O 16. Bf4 d6 17. O-O Rae8 18. Nd4 Nc3 19. Rfe1 Ba6 20. Bd2 Ne4
21. Bf4 Bxc4 22. Re3 g5 23. Bxg5 Nxg5 24. Rg3 h6 25. f4 f6 26. Ne6 Rxe6 27.
dxe6 Bxe6 28. h4 Kh7 29. fxg5 fxg5 30. hxg5 Rg8 31. Re1 Rg6 32. Rge3 Bc4 33.
gxh6 Kxh6 34. Rh3+ Kg5 35. Rg3+ Kf5 36. Rf3+ Kg5 37. Rg3+ Kf5 38. Rf3+ Kg5 39.
Rg3+ Kf5 1/2-1/2

[Event "22. Copenhagen Open  (Politiken Cup)"]
[Site "Copenhagen"]
[Date "2000.07.25"]
[Round "8"]
[White "Karlstrom, Henrik"]
[Black "Hansen, Morten Lyck"]
[Result "0-1"]
[WhiteElo "1296"]
[BlackElo "1812"]
[PlyCount "48"]
[EventDate "2000.07.17"]
[EventType "swiss"]
[EventRounds "11"]
[EventCountry "DEN"]
[SourceDate "2004.01.01"]

1. e4 c6 2. d4 d5 3. e5 Bf5 4. c4 dxc4 5. Bxc4 e6 6. f4 Bb4+ 7. Bd2 Bxd2+ 8.
Qxd2 Ne7 9. Nf3 O-O 10. Bd3 Bxd3 11. Qxd3 Qb6 12. Qd2 Rd8 13. Nc3 Na6 14. O-O
Nf5 15. Rfd1 Rd7 16. Rac1 Rad8 17. Ne2 c5 18. Rc4 cxd4 19. Nfxd4 Nxd4 20. Nxd4
Nb8 21. Rb4 Qa6 22. b3 Nc6 23. Rc4 Nxd4 24. Kh1 h6 0-1

[Event "22. Copenhagen Open  (Politiken Cup)"]
[Site "Copenhagen"]
[Date "2000.07.25"]
[Round "8"]
[White "Keeling, Geoff"]
[Black "Keeling, Karen"]
[Result "1/2-1/2"]
[WhiteElo "2073"]
[BlackElo "1680"]
[PlyCount "21"]
[EventDate "2000.07.17"]
[EventType "swiss"]
[EventRounds "11"]
[EventCountry "DEN"]
[SourceDate "2004.01.01"]

1. e4 c6 2. d4 d5 3. Nc3 dxe4 4. Nxe4 Bf5 5. Ng3 Bg6 6. Nf3 Nd7 7. h4 h6 8. h5
Bh7 9. Bd3 Bxd3 10. Qxd3 Ngf6 11. Bf4 1/2-1/2

[Event "22. Copenhagen Open  (Politiken Cup)"]
[Site "Copenhagen"]
[Date "2000.07.25"]
[Round "8"]
[White "Kristensen, Jonas Rune"]
[Black "Andersen, Rune"]
[Result "0-1"]
[WhiteElo "1696"]
[BlackElo "2077"]
[PlyCount "84"]
[EventDate "2000.07.17"]
[EventType "swiss"]
[EventRounds "11"]
[EventCountry "DEN"]
[SourceDate "2004.01.01"]

1. d4 d5 2. c4 c6 3. Nc3 Nf6 4. Bg5 Nbd7 5. Nf3 dxc4 6. a4 e6 7. e4 Qa5 8. Bd2
Bb4 9. Bxc4 c5 10. e5 cxd4 11. exf6 dxc3 12. bxc3 Bxc3 13. fxg7 Rg8 14. Qe2
Rxg7 15. O-O Bxd2 16. Nxd2 Qg5 17. g3 Nf6 18. Rab1 Rb8 19. Ne4 Nxe4 20. Qxe4 h5
21. Rfd1 e5 22. Rd5 f6 23. f4 Qf5 24. Qxf5 Bxf5 25. Re1 Be6 26. Bb5+ Kf8 27.
Rd6 Ke7 28. fxe5 $11 fxe5 29. Rd2 Rg5 30. Kg2 a6 31. Bf1 h4 32. Rb1 e4 33. Bxa6
e3 34. Re2 Bd5+ 35. Kh3 hxg3 36. Rxe3+ Kd6 37. Rb6+ Kc7 38. Rh6 g2 39. Bb5 Bc6
40. Rh7+ Kb6 41. Re1 g1=Q 42. Rxg1 Rxg1 0-1

[Event "22. Copenhagen Open  (Politiken Cup)"]
[Site "Copenhagen"]
[Date "2000.07.25"]
[Round "8"]
[White "Laustsen, Lars"]
[Black "Lilja, Richard"]
[Result "1/2-1/2"]
[WhiteElo "1974"]
[BlackElo "2080"]
[PlyCount "123"]
[EventDate "2000.07.17"]
[EventType "swiss"]
[EventRounds "11"]
[EventCountry "DEN"]
[SourceDate "2004.01.01"]

1. d4 Nf6 2. Nf3 g6 3. c4 Bg7 4. Nc3 O-O 5. e4 d6 6. Be2 e5 7. O-O Nc6 8. d5
Ne7 9. b4 a5 10. Ba3 Nh5 11. c5 Nf4 12. b5 Nxe2+ 13. Qxe2 Bg4 14. Qd3 Bxf3 15.
Qxf3 f5 16. b6 dxc5 17. bxc7 Qxc7 18. d6 Qxd6 19. exf5 b6 20. Rfd1 Qc6 21. Qxc6
Nxc6 22. fxg6 hxg6 23. Rd6 Rf6 24. Rad1 Nd4 25. Rxf6 Bxf6 26. Rb1 Rd8 27. Ne4
Be7 28. g3 Nc2 29. Bb2 Rd5 30. Bc3 Bd8 31. f4 exf4 32. gxf4 Kf7 33. Be5 Ne3 34.
Nd6+ Ke6 35. Nb7 Nc4 36. Bb8 Rd7 37. Nxd8+ Rxd8 38. Bc7 Rd7 39. Bxb6 Nxb6 40.
Rxb6+ Rd6 41. Rb5 Rc6 42. Kf2 Kd5 43. Ke3 Kc4 44. Rb3 a4 45. Rd3 Rb6 46. h4 Rb2
47. Rd6 Rg2 48. Kf3 Rg1 49. Rb6 Kc3 50. Ra6 Kb4 51. Kf2 Rg4 52. Kf3 Rxh4 53.
Rxg6 Rh1 54. Rg2 c4 55. Ke4 Rf1 56. f5 c3 57. Kd3 Rf3+ 58. Kc2 Ka3 59. Rg4 Rxf5
60. Kxc3 Rf2 61. Rd4 Rf7 62. Rd2 1/2-1/2

[Event "22. Copenhagen Open  (Politiken Cup)"]
[Site "Copenhagen"]
[Date "2000.07.25"]
[Round "8"]
[White "Lonborg, Morten"]
[Black "Lardot, Derik"]
[Result "1-0"]
[WhiteElo "2166"]
[BlackElo "2019"]
[PlyCount "79"]
[EventDate "2000.07.17"]
[EventType "swiss"]
[EventRounds "11"]
[EventCountry "DEN"]
[SourceDate "2004.01.01"]

1. d4 e6 2. c4 f5 3. Nf3 Nf6 4. g3 Bb4+ 5. Nfd2 Nc6 6. e3 b6 7. a3 Bxd2+ 8.
Nxd2 Bb7 9. Bg2 O-O 10. b4 Qe7 11. Bb2 Nd8 12. f3 d6 13. Qb3 e5 14. O-O e4 15.
d5 exf3 16. Rxf3 Ng4 17. Raf1 Ne5 18. Rxf5 Rxf5 19. Rxf5 Ndf7 20. Qc3 Re8 21.
Rf2 Bc8 22. Nb3 Qg5 23. Nd4 Ng4 24. Ne6 Bxe6 25. dxe6 Nfe5 26. Rf4 Qh6 27. h3
Nf6 28. c5 g5 29. cxd6 cxd6 30. Rd4 Qf8 31. Qb3 Qe7 32. Qd1 Qxe6 33. Rxd6 Qe7
34. Qd4 Kg7 35. Kh1 Kf8 36. Bc6 Nh5 37. Bxe8 Nxg3+ 38. Kg2 Nf5 39. Qxe5 Nxe3+
40. Kf3 1-0

[Event "22. Copenhagen Open  (Politiken Cup)"]
[Site "Copenhagen"]
[Date "2000.07.25"]
[Round "8"]
[White "Madhy, Nezar"]
[Black "Preuss, Flemming"]
[Result "0-1"]
[WhiteElo "1682"]
[BlackElo "2072"]
[PlyCount "84"]
[EventDate "2000.07.17"]
[EventType "swiss"]
[EventRounds "11"]
[EventCountry "DEN"]
[SourceDate "2004.01.01"]

1. d4 e5 2. dxe5 Nc6 3. Nf3 Nge7 4. g3 Ng6 5. Qd5 Qe7 6. a3 Ncxe5 7. Nxe5 Nxe5
8. Bf4 f6 9. Bg2 c6 10. Qd4 d5 11. Qe3 g5 12. Bxe5 fxe5 13. Nd2 Bf5 14. O-O-O
Bg7 15. Nf3 Bf6 16. Qb3 O-O-O 17. Nd2 e4 18. e3 Rhe8 19. Rhf1 Be6 20. Qa4 Kb8
21. c3 c5 22. c4 Rd6 23. cxd5 Bxd5 24. Nc4 Ra6 25. Qc2 Qe6 26. Rxd5 Qxd5 27.
Rd1 Qe6 28. Nd2 Rb6 29. Nc4 Rc6 30. Nd2 c4 31. Nxe4 Rc7 32. Rd6 c3 33. Rxe6
cxb2+ 34. Kb1 Rxe6 35. Nc5 Rd6 36. Bf3 Rb6 37. Qf5 a6 38. Qd5 Ka7 39. Nd3 Rbc6
40. Ne5 Rc5 41. Qxc5+ Rxc5 42. Nd3 Rc3 0-1

[Event "22. Copenhagen Open  (Politiken Cup)"]
[Site "Copenhagen"]
[Date "2000.07.25"]
[Round "8"]
[White "Malvild, Robert"]
[Black "Schmied, Andreas"]
[Result "1/2-1/2"]
[WhiteElo "2029"]
[BlackElo "2155"]
[PlyCount "167"]
[EventDate "2000.07.17"]
[EventType "swiss"]
[EventRounds "11"]
[EventCountry "DEN"]
[SourceDate "2004.01.01"]

1. e4 c5 2. c4 Nc6 3. Ne2 Nf6 4. Nbc3 e6 5. d4 cxd4 6. Nxd4 Bb4 7. Nxc6 bxc6 8.
Bd3 O-O 9. O-O d5 10. cxd5 cxd5 11. exd5 Nxd5 12. Ne4 Be7 13. b3 Nb4 14. Bb1
Ba6 15. Re1 Qxd1 16. Rxd1 Rfd8 17. Re1 Nd3 18. Bxd3 Bxd3 19. Bb2 Rac8 20. Nc3
Bg5 21. Ne4 Be7 22. Nc3 h6 23. h3 Bf6 24. Na4 Bg5 25. Bc1 Be7 26. Be3 Rc7 27.
Rac1 Rdc8 28. Rxc7 Rxc7 29. Nb2 Bb5 30. Rc1 Rxc1+ 31. Bxc1 Bf6 32. Nc4 Bd4 33.
Kf1 f5 34. Ke2 Kf7 35. f4 e5 36. fxe5 Ke6 37. Kd3 Bxe5 38. Be3 Bb8 39. Bd4 g6
40. Bf2 a6 41. a4 Bc6 42. g3 Bg2 43. h4 Bf1+ 44. Kc3 Be2 45. Kd2 Bf3 46. Kd3
Bc7 47. Nd2 Bd1 48. Kc3 Ba5+ 49. b4 Bd8 50. a5 Kd5 51. Kd3 Ba4 52. Bd4 Bb5+ 53.
Kc3 Bc7 54. Bf2 Be5+ 55. Kc2 Be2 56. Be1 Bd6 57. Kc3 Bb8 58. Bf2 Be5+ 59. Kc2
h5 60. Be1 Bd6 61. Kc3 Be5+ 62. Kc2 Bd4 63. Nb3 Be3 64. Nc5 Bb5 65. Kd1 Bc4 66.
Kc2 Be2 67. Nb3 f4 68. gxf4 Bxf4 69. Nc5 Be3 70. Bg3 g5 71. hxg5 Bxg5 72. Kc3
h4 73. Bh2 Be3 74. Kc2 Bf2 75. Kd2 Bf1 76. Nb7 Kc6 77. Nc5 Kb5 78. Ne4 Bd4 79.
Bd6 Bg2 80. Ng3 hxg3 81. Bxg3 Kxb4 82. Bc7 Be4 83. Kc1 Kb3 84. Kd2 1/2-1/2

[Event "22. Copenhagen Open  (Politiken Cup)"]
[Site "Copenhagen"]
[Date "2000.07.25"]
[Round "8"]
[White "Matthiesen, Martin"]
[Black "Mortensen, Henrik"]
[Result "1-0"]
[WhiteElo "2300"]
[BlackElo "2089"]
[PlyCount "85"]
[EventDate "2000.07.17"]
[EventType "swiss"]
[EventRounds "11"]
[EventCountry "DEN"]
[SourceDate "2004.01.01"]

1. d4 Nf6 2. Nf3 g6 3. c4 Bg7 4. Nc3 d6 5. e4 O-O 6. Be2 c5 7. d5 e6 8. O-O Re8
9. Bg5 h6 10. Bh4 exd5 11. exd5 Bg4 12. h3 Bxf3 13. Bxf3 Nbd7 14. Qc2 a6 15.
Be2 Qc7 16. a4 Re5 17. f4 Re3 18. Bf2 Re7 19. Bf3 Rae8 20. a5 Kf8 21. Qd2 Kg8
22. Kh1 Rc8 23. Bh4 Ree8 24. g4 Rb8 25. Qc2 b5 26. axb6 Rxb6 27. Ra3 Reb8 28.
b3 Qb7 29. Bd1 Re8 30. Na4 Rb4 31. Be1 Ne4 32. Kg2 f5 33. Ra2 Ndf6 34. Bxb4
cxb4 35. Bf3 Qd7 36. Re1 Qe7 37. Qd3 g5 38. gxf5 gxf4 39. Rae2 Kh7 40. Bxe4
Nxe4 41. Rxe4 Qg5+ 42. Kh1 Qxf5 43. Qf3 1-0

[Event "22. Copenhagen Open  (Politiken Cup)"]
[Site "Copenhagen"]
[Date "2000.07.25"]
[Round "8"]
[White "Mikhalevski, Victor"]
[Black "De Firmian, Nick E"]
[Result "1/2-1/2"]
[WhiteElo "2532"]
[BlackElo "2567"]
[PlyCount "92"]
[EventDate "2000.07.17"]
[EventType "swiss"]
[EventRounds "11"]
[EventCountry "DEN"]
[SourceDate "2004.01.01"]

1. d4 Nf6 2. c4 e6 3. g3 c5 4. d5 exd5 5. cxd5 d6 6. Nc3 g6 7. Bg2 Bg7 8. Nf3
O-O 9. O-O Nbd7 10. Nd2 a6 11. a4 Re8 12. h3 Rb8 13. Nc4 Nb6 14. Na3 Bd7 15. e4
Qc7 16. Rb1 Nxa4 17. Nxa4 b5 18. Nxc5 Qxc5 19. Be3 Qc8 20. Rc1 Qd8 21. Qd3 Rc8
22. Nc2 Qe7 23. Nd4 h6 24. b4 Kh7 25. Nc6 Bxc6 26. Rxc6 Rxc6 27. dxc6 Nxe4 28.
Rc1 f5 29. Qa3 Ra8 30. g4 d5 31. Bb6 Nc3 32. Kh1 Rc8 33. c7 fxg4 34. hxg4 Qh4+
35. Kg1 Ne2+ 36. Kf1 Nxc1 37. Qxc1 Qxg4 38. Bxd5 Qh3+ 39. Bg2 Qd3+ 40. Kg1 Qd6
41. Bb7 Qxb6 42. Bxc8 Be5 43. Bxa6 Qxc7 44. Qxc7+ Bxc7 45. Bxb5 Bd6 46. Bd3
Bxb4 1/2-1/2

[Event "22. Copenhagen Open  (Politiken Cup)"]
[Site "Copenhagen"]
[Date "2000.07.25"]
[Round "8"]
[White "Moller, Arne"]
[Black "Nielsen, Morten"]
[Result "0-1"]
[WhiteElo "2026"]
[BlackElo "2094"]
[PlyCount "66"]
[EventDate "2000.07.17"]
[EventType "swiss"]
[EventRounds "11"]
[EventCountry "DEN"]
[SourceDate "2004.01.01"]

1. e4 Nf6 2. e5 Nd5 3. d4 d6 4. exd6 exd6 5. Nf3 Bg4 6. Be2 Be7 7. O-O O-O 8.
c4 Nb6 9. Nc3 Nc6 10. b3 Bf6 11. Be3 d5 12. c5 Nc8 13. b4 N8e7 14. b5 Na5 15.
Ne5 Bxe2 16. Nxe2 Nf5 17. Bd2 Nc4 18. Nxc4 dxc4 19. Bc3 Qd5 20. g3 g5 21. Qc2
h5 22. Bd2 Rae8 23. Nc3 Qf3 24. Rae1 Nxd4 25. Qc1 h4 26. Re3 Qf5 27. f4 g4 28.
Re5 Bxe5 29. fxe5 Nf3+ 30. Rxf3 Qxf3 31. Bh6 Rxe5 32. Bxf8 h3 33. Qf1 Re1 0-1

[Event "22. Copenhagen Open  (Politiken Cup)"]
[Site "Copenhagen"]
[Date "2000.07.25"]
[Round "8"]
[White "Molvig, Henrik"]
[Black "Hoff, Terje"]
[Result "1-0"]
[WhiteElo "2224"]
[BlackElo "2051"]
[PlyCount "111"]
[EventDate "2000.07.17"]
[EventType "swiss"]
[EventRounds "11"]
[EventCountry "DEN"]
[SourceDate "2004.01.01"]

1. d4 Nf6 2. c4 c5 3. d5 b5 4. cxb5 a6 5. b6 Qxb6 6. Nc3 g6 7. e4 d6 8. a4 Qb4
9. Qc2 Nbd7 10. Nf3 Bg7 11. Nd2 Rb8 12. Be2 Bh6 13. Rb1 Ne5 14. O-O O-O 15. b3
Bg7 16. Nc4 Nfd7 17. Bd2 Nxc4 18. Bxc4 Qb6 19. f4 Nf6 20. Kh1 Kh8 21. Qd3 Ng4
22. h3 Nf6 23. Rbe1 Nd7 24. Ne2 Ra8 25. a5 Qc7 26. Ng1 Nf6 27. Nf3 Nh5 28. Kh2
Bh6 29. Ng1 e5 30. g3 exf4 31. gxf4 Re8 32. Bc3+ Kg8 33. Ne2 Qe7 34. e5 Qh4 35.
Qf3 Bf5 36. e6 fxe6 37. dxe6 Kf8 38. e7+ Kxe7 39. Qb7+ Bd7 40. Be6 Rad8 41. f5
Bf4+ 42. Nxf4 Qg3+ 43. Kh1 Nxf4 44. Bxd7+ Kf8 45. Rxe8+ Rxe8 46. Qf3 Re3 47.
Qxg3 Rxg3 48. Rxf4 Rxh3+ 49. Kg2 Rxc3 50. fxg6+ Kg7 51. gxh7 Kxh7 52. Be6 Rc2+
53. Rf2 Rc1 54. Ra2 Kg7 55. Bc4 Rc3 56. Rd2 1-0

[Event "22. Copenhagen Open  (Politiken Cup)"]
[Site "Copenhagen"]
[Date "2000.07.25"]
[Round "8"]
[White "Nicolaisen, Erik"]
[Black "Nielsen, Michael B"]
[Result "1-0"]
[WhiteElo "2035"]
[BlackElo "1421"]
[PlyCount "35"]
[EventDate "2000.07.17"]
[EventType "swiss"]
[EventRounds "11"]
[EventCountry "DEN"]
[SourceDate "2004.01.01"]

1. e4 e6 2. d3 d5 3. Nd2 Nf6 4. Ngf3 c5 5. g3 Nc6 6. Bg2 Be7 7. O-O O-O 8. e5
Nd7 9. Re1 b5 10. Nf1 a5 11. h4 Ba6 12. Bf4 Nb6 13. Ne3 b4 14. Ng5 g6 15. Ng4
Rc8 16. Bh3 Bxg5 17. Bxg5 Qc7 18. Bf6 1-0

[Event "22. Copenhagen Open  (Politiken Cup)"]
[Site "Copenhagen"]
[Date "2000.07.25"]
[Round "8"]
[White "Nicolaisen, Jeppe"]
[Black "Hansen, Ib Lyns"]
[Result "1/2-1/2"]
[WhiteElo "2040"]
[BlackElo "1769"]
[PlyCount "130"]
[EventDate "2000.07.17"]
[EventType "swiss"]
[EventRounds "11"]
[EventCountry "DEN"]
[SourceDate "2004.01.01"]

1. e4 e5 2. d4 exd4 3. Qxd4 Nc6 4. Qe3 b6 5. Nc3 Bb7 6. Bc4 Ne5 7. Bb3 Nf6 8.
h3 Bc5 9. Qg3 Qe7 10. Bg5 O-O-O 11. O-O-O h6 12. Bxf6 Qxf6 13. f4 Ng6 14. Nge2
Rhf8 15. h4 Ne7 16. f5 Bd6 17. Qe3 Kb8 18. g4 Qe5 19. Kb1 h5 20. Qf3 g6 21.
Rhf1 hxg4 22. Qxg4 gxf5 23. exf5 Rg8 24. Qd4 Rh8 25. Bxf7 Nc6 26. Qg4 Be7 27.
h5 Nb4 28. Nf4 Bf6 29. Ng6 Qa5 30. a3 Nxc2 31. Kxc2 Rh7 32. Bb3 d5 33. Nf4 Rhd7
34. Ne6 Rh8 35. Qb4 Qa6 36. Qb5 Qxb5 37. Nxb5 a6 38. Nc3 c5 39. Ba2 c4 40. Ne2
Rxh5 41. Nc3 b5 42. Ne4 Rh2+ 43. Rf2 Rdh7 44. Rxh2 Rxh2+ 45. Rd2 Rxd2+ 46. Nxd2
d4 47. Nc5 Bc8 48. Nde4 Bxf5 49. Nd7+ Bxd7 50. Nxf6 Be6 51. Nh5 Kc7 52. Nf4
Bf5+ 53. Kc1 Kd6 54. b3 Kc5 55. b4+ Kd6 56. Bb1 d3 57. Kd2 Ke5 58. Nxd3+ Kd4
59. Nc5 Bxb1 60. Nxa6 Bf5 61. Nc5 Bg4 62. a4 c3+ 63. Kc1 bxa4 64. Nxa4 Kc4 65.
Nxc3 Kxb4 1/2-1/2

[Event "22. Copenhagen Open  (Politiken Cup)"]
[Site "Copenhagen"]
[Date "2000.07.25"]
[Round "8"]
[White "Nielsen, Borge Hjerrild"]
[Black "Jorgensen, Arne Bjorn"]
[Result "1-0"]
[WhiteElo "2153"]
[BlackElo "2006"]
[PlyCount "93"]
[EventDate "2000.07.17"]
[EventType "swiss"]
[EventRounds "11"]
[EventCountry "DEN"]
[SourceDate "2004.01.01"]

1. d4 Nf6 2. c4 c5 3. d5 e5 4. Nc3 d6 5. e4 Be7 6. Bd3 Nbd7 7. Nge2 Nf8 8. O-O
Ng6 9. Bd2 O-O 10. a3 Nh5 11. Qc1 h6 12. b4 b6 13. f3 Bg5 14. g3 Bxd2 15. Qxd2
Qe7 16. Rfb1 Bh3 17. Nd1 f5 18. Nf2 fxe4 19. Bxe4 Bf5 20. bxc5 bxc5 21. Rb3
Bxe4 22. Nxe4 Nf6 $11 23. N2c3 Rab8 24. Rab1 Rxb3 25. Rxb3 Qc7 26. Nxf6+ Rxf6
27. Ne4 Rf8 28. Qb2 Nh8 29. Kg2 Nf7 30. Rb7 Qa5 31. Rb8 Qc7 32. Rb5 Rd8 33. a4
Rf8 34. a5 a6 35. Rb6 Ra8 36. Qb3 Qd8 37. h4 h5 38. Rb7 Nh6 39. Qb6 Nf5 40. Kf2
Nd4 41. Qxd6 Qxd6 42. Nxd6 Rf8 43. Ne4 Rxf3+ 44. Kg2 Ra3 45. Ng5 Kf8 46. d6 Rb3
47. Ne6+ 1-0

[Event "22. Copenhagen Open  (Politiken Cup)"]
[Site "Copenhagen"]
[Date "2000.07.25"]
[Round "8"]
[White "Nielsen, Carsten Juul"]
[Black "Berg, Olaf"]
[Result "1-0"]
[WhiteElo "2117"]
[BlackElo "1795"]
[PlyCount "67"]
[EventDate "2000.07.17"]
[EventType "swiss"]
[EventRounds "11"]
[EventCountry "DEN"]
[SourceDate "2004.01.01"]

1. d4 Nf6 2. c4 e5 3. dxe5 Ne4 4. Qc2 d5 5. exd6 Bf5 6. Nc3 Nxd6 7. e4 Nxe4 8.
Nxe4 Bb4+ 9. Bd2 Bxd2+ 10. Qxd2 Bxe4 11. Qxd8+ Kxd8 12. O-O-O+ Kc8 13. Nf3 Bxf3
14. gxf3 g6 15. h4 a5 16. h5 b6 17. hxg6 fxg6 18. Bd3 c5 19. Bxg6 Ra7 20. Bf5+
Kc7 21. Rh6 Rb7 22. Be4 Ra7 23. Rf6 Nd7 24. Rxd7+ Kxd7 25. Rf7+ Ke6 26. Rxa7 h5
27. f4 h4 28. Rh7 Re8 29. f3 Rf8 30. Rxh4 Rf6 31. Kd2 Ke7 32. Rh7+ Kf8 33. Ke3
Rd6 34. Bd5 1-0

[Event "22. Copenhagen Open  (Politiken Cup)"]
[Site "Copenhagen"]
[Date "2000.07.25"]
[Round "8"]
[White "Nielsen, Jan Mose"]
[Black "Schultz Pedersen, Jesper"]
[Result "1/2-1/2"]
[WhiteElo "2030"]
[BlackElo "2215"]
[PlyCount "76"]
[EventDate "2000.07.17"]
[EventType "swiss"]
[EventRounds "11"]
[EventCountry "DEN"]
[SourceDate "2004.01.01"]

1. d4 d5 2. Bf4 Nf6 3. c3 g6 4. Nd2 Bg7 5. e3 O-O 6. Be2 b6 7. g4 c5 8. h4 Nc6
9. h5 Nd7 10. hxg6 fxg6 11. Bb5 Bb7 12. Qf3 e6 13. Qh3 cxd4 14. Qxh7+ Kf7 15.
Bh6 Rg8 16. Ngf3 dxc3 17. bxc3 Qf6 18. Ke2 Nde5 19. Bg5 Qxf3+ 20. Nxf3 Nxf3 21.
Bh6 Nce5 22. Bxg7 Rxg7 23. Qh6 Rc8 24. Qf4+ Ke7 25. Qb4+ Rc5 26. Rh8 Kd6 27.
Rah1 a5 28. Qa3 Kc7 29. R1h7 Rxh7 30. Rxh7+ Kb8 31. Qb2 Ng5 32. Rxb7+ Kxb7 33.
f4 Ne4 34. c4 Ng3+ 35. Kd1 Nxg4 36. Qg7+ Rc7 37. Qxg6 Nxe3+ 38. Ke1 Ngf5
1/2-1/2

[Event "22. Copenhagen Open  (Politiken Cup)"]
[Site "Copenhagen"]
[Date "2000.07.25"]
[Round "8"]
[White "Nielsen, Nicholas Roland"]
[Black "Hansen, Henrik Michael"]
[Result "1/2-1/2"]
[WhiteElo "1864"]
[BlackElo "2119"]
[PlyCount "77"]
[EventDate "2000.07.17"]
[EventType "swiss"]
[EventRounds "11"]
[EventCountry "DEN"]
[SourceDate "2004.01.01"]

1. e4 d6 2. d4 Nd7 3. f4 c6 4. Nf3 Qc7 5. Bd3 e5 6. O-O Ngf6 7. Nc3 Be7 8. Kh1
exd4 9. Nxd4 Nc5 10. Qf3 a6 11. e5 dxe5 12. fxe5 Qxe5 13. Nxc6 Qh5 14. Qxh5
Nxh5 15. Nxe7 Kxe7 16. Nd5+ Kd6 17. Nb6 Rb8 18. Nxc8+ Rbxc8 19. Be2 Nf6 20.
Bf4+ Ke7 21. Rfe1 Ne6 22. Bd3 Rhd8 23. Be5 Rd5 24. Re2 g6 25. Rae1 Ng4 26. Bc3
Kf8 27. Rf1 Kg8 28. Re4 h5 29. h3 Nh6 30. Bc4 Rf5 31. Rxf5 Nxf5 32. Bxe6 Ng3+
33. Kh2 Rxc3 34. Bxf7+ Kg7 35. bxc3 Nxe4 36. Bd5 Nc5 37. Kg3 Kf6 38. Kf3 h4 39.
Ke3 1/2-1/2

[Event "22. Copenhagen Open  (Politiken Cup)"]
[Site "Copenhagen"]
[Date "2000.07.25"]
[Round "8"]
[White "Nielsen, Simon Saito"]
[Black "Rossen, Claus"]
[Result "0-1"]
[WhiteElo "2138"]
[BlackElo "2167"]
[PlyCount "114"]
[EventDate "2000.07.17"]
[EventType "swiss"]
[EventRounds "11"]
[EventCountry "DEN"]
[SourceDate "2004.01.01"]

1. d4 Nf6 2. c4 e6 3. Nc3 Bb4 4. a3 Bxc3+ 5. bxc3 c5 6. f3 d6 7. e4 Nbd7 8. Bd3
e5 9. Ne2 O-O 10. O-O Nb8 11. Kh1 Nc6 12. d5 Na5 13. Bg5 h6 14. Be3 b6 15. Ng1
Ba6 16. Qe2 Qd7 17. a4 Rae8 18. g3 Kh8 19. h4 Rg8 20. Kg2 g5 21. hxg5 hxg5 22.
Nh3 Nh7 23. Rh1 f6 24. Nf2 Kg7 25. Ng4 Nf8 26. Rh6 Qxg4 27. fxg4 Kxh6 28. Rh1+
Kg7 29. Qf1 Ng6 30. Qf5 Bc8 31. Qf3 Rh8 32. Rf1 Ref8 33. Qd1 Bd7 34. Be2 Rh6
35. Qd2 Rfh8 36. Bg1 Ne7 37. Kf3 Rh3 38. Rf2 Ng6 39. Kg2 Nb3 40. Qa2 Na5 41.
Bd1 Ne7 42. Qe2 Ng6 43. Rf1 Bc8 44. Qf2 Nf4+ 45. gxf4 gxf4 46. Qa2 Rg3+ 47. Kf2
Rhh3 48. Ke1 Ba6 49. Be2 Rxc3 50. Qb2 Rb3 51. Qd2 Nxc4 52. Qd1 Rhc3 53. Rf3 Ne3
54. Rxe3 Rxe3 55. Bxe3 Rxe3 56. Kf2 Rxe2+ 57. Kf3 Rh2 0-1